000 00568nam a22001697a 4500
999 _c11238
_d11238
008 181022b ||||| |||| 00| 0 eng d
020 _a978-1-63549-370-2
082 _22017
_aDC 382
_bD323
100 _aDawson, Cameron.
_932348
245 _aInternational trade/
_cedited by Cameron Dawson
260 _aNew York:
_bLarsen & Keller,
_c©2017.
300 _aviii, 253 pages :
_bcolored illustrations;
_c26 cm.
500 _aIncludes references and index.
650 _aInternational trade -- Juvenile literature.
_932349
365 _b4,795.00
_cPhp.
942 _2ddc
_cDC